[Event "AUTO-ADV-1420"]
[Site "http://www.queenalice.com/game.php?id=627755"]
[Date "2009.7.31"]
[Round "1"]
[White "zad2"]
[Black "Mago_negro"]
[Result "1-0"]
[WhiteElo "1699"]
[BlackElo "1936"]

1. e4 e5 2. Nf3 Nc6 3. Bb5 Nf6 4. O-O Nxe4 5. Re1 Nd6 6. Bxc6 bxc6 7. Nxe5 Be7
8. d4 O-O 9. Be3 Nf5 10. Qd2 Rb8 11. b3 f6 12. Ng4 h5 13. Nh6+ gxh6 14. Bxh6
Nxh6 15. Qxh6 Qe8 16. Nd2 Qf7 17. Ne4 d5 18. Ng3 Qh7 19. Qxh7+ Kxh7 20. Rxe7+
Kg6 21. Rxc7 Bb7 22. Re1 h4 23. Nf1 a5 24. Ree7 Ba8 25. Rg7+ Kf5 26. Ne3+ 1-0

[Event "AUTO-ADV-1420"]
[Site "http://www.queenalice.com/game.php?id=627760"]
[Date "2009.7.31"]
[Round "1"]
[White "paloberto"]
[Black "zad2"]
[Result "1-0"]
[WhiteElo "1807"]
[BlackElo "1748"]

1. c4 Nf6 2. Nc3 e6 3. d4 Bb4 4. Qc2 O-O 5. Nf3 b6 6. e3 Bb7 7. Be2 Bxc3+ 8.
Qxc3 d6 9. O-O Ne4 10. Qc2 Nd7 11. b4 g6 12. Bb2 Ndf6 13. Bd3 Qd7 14. d5 exd5
15. cxd5 Bxd5 16. Bxe4 Bxe4 17. Qe2 Qe6 18. Ng5 Qe7 19. f3 Bb7 20. Rac1 Nd5 21.
f4 Qxe3+ 22. Qxe3 Nxe3 23. Rfe1 Nxg2 24. Re7 Nxf4 25. Rexc7 Ne2+ 26. Kf2 Ba6 27.
R1c6 d5 28. Rd6 Nf4 29. Rdd7 Nd3+ 30. Ke3 Rfe8+ 31. Kd4 Nxb2 32. Rxf7 Rac8 33.
Rg7+ 1-0

[Event "AUTO-ADV-1420"]
[Site "http://www.queenalice.com/game.php?id=627761"]
[Date "2009.7.31"]
[Round "1"]
[White "zad2"]
[Black "paloberto"]
[Result "1-0"]
[WhiteElo "1721"]
[BlackElo "1832"]

1. e4 e5 2. Nf3 Nc6 3. Bb5 a6 4. Ba4 b5 5. Bb3 Nf6 6. O-O Bc5 7. c3 O-O 8. Re1
Re8 9. Ng5 d5 10. d3 h6 11. Nf3 Bg4 12. h3 Bh5 13. Be3 b4 14. Bxc5 a5 15. Ba4
Ra6 16. Bb5 Qa8 17. Bxa6 Qxa6 18. cxb4 axb4 19. Nbd2 Qxd3 20. Re3 Qb5 21. Rc1
Ra8 22. a3 bxa3 23. Bxa3 d4 24. Rb3 Qa6 25. g4 Nxg4 26. hxg4 Bxg4 27. Qc2 Bd7
28. Nc4 Be6 29. Rd3 Ra7 30. Ncxe5 Nxe5 31. Nxe5 Rb7 32. Qc6 Qa8 33. Rxd4 Qc8 34.
Rcd1 Bd5 35. exd5 1-0

[Event "AUTO-ADV-1362"]
[Site "http://www.queenalice.com/game.php?id=649849"]
[Date "2009.9.9"]
[Round "2"]
[White "Lunog"]
[Black "zad2"]
[Result "0-1"]
[WhiteElo "1937"]
[BlackElo "1741"]

1. e4 e5 2. Nf3 Nc6 3. Bc4 Be7 4. d4 d6 5. Nc3 Bg4 6. dxe5 Nxe5 7. Bxf7+ Nxf7 8.
Qd5 c6 9. Qd3 Nf6 10. Bf4 O-O 11. O-O-O Bxf3 12. gxf3 Nh5 13. Be3 Ne5 14. Qe2
Nf4 15. Qd2 Bg5 16. h4 Bh6 17. Rdg1 Nxf3 0-1

[Event "AUTO-ADV-1362"]
[Site "http://www.queenalice.com/game.php?id=649850"]
[Date "2009.9.9"]
[Round "2"]
[White "zad2"]
[Black "Lunog"]
[Result "1/2-1/2"]
[WhiteElo "1669"]
[BlackElo "1968"]

1. e4 c5 2. Nf3 d6 3. Bb5+ Bd7 4. Bxd7+ Nxd7 5. d4 g6 6. O-O Bg7 7. Be3 cxd4 8.
Bxd4 Ngf6 9. Re1 O-O 10. Nc3 a6 11. Qd3 Rc8 12. Nd5 e6 13. Nxf6+ Nxf6 14. Rad1
d5 15. e5 Nd7 16. Qd2 Rc4 17. b3 Rc6 18. c3 Qc7 19. Rc1 Nc5 20. Qe3 Ne4 21. Nd2
Nxd2 22. Qxd2 h5 23. Qe3 Kh7 24. Qh3 Bh6 25. Rc2 Rc8 26. Qf3 b5 27. b4 a5 28.
bxa5 b4 29. Bb6 Qd7 30. Bd4 bxc3 31. Rxc3 Rxc3 32. Bxc3 Qc7 33. Bb4 Kg7 34. Qf6+
Kh7 35. g3 Bg7 36. Qf4 Qd7 37. a3 d4 38. Rd1 Rd8 39. Bd2 Qd5 40. Re1 Kg8 41. Qg5
Rb8 42. Qf4 Rb5 43. Qg5 Bxe5 44. Qe7 Bg7 45. Qe8+ Kh7 46. Qxf7 Rb7 47. Qxe6 Qf3
48. a6 Rf7 49. Qe2 Qxa3 50. Rc1 d3 51. Qe6 Ra7 52. Qc4 Qxa6 53. Qxa6 Rxa6 54.
Kg2 Rd6 55. Kf3 Bh6 56. Rd1 g5 57. Ke4 Kg6 58. f4 gxf4 59. Bxf4 Bxf4 60. Kxf4 d2
61. Ke3 Kf5 62. Rxd2 Rxd2 63. Kxd2 Kg4 64. Ke3 Kh3 65. Kf3 1/2-1/2

[Event "AUTO-ADV-1362"]
[Site "http://www.queenalice.com/game.php?id=649857"]
[Date "2009.9.9"]
[Round "2"]
[White "zad2"]
[Black "nenem"]
[Result "0-1"]
[WhiteElo "1724"]
[BlackElo "1931"]

1. e4 c5 2. Nf3 Nc6 3. Nc3 g6 4. Be2 d6 5. d4 cxd4 6. Nxd4 Bg7 7. Be3 Nf6 8. Bb5
Bd7 9. O-O O-O 10. Nxc6 bxc6 11. Ba4 c5 12. Bxd7 Nxd7 13. Qd2 Qa5 14. Rab1 Rab8
15. Bh6 Bxc3 16. Qxc3 Qxc3 17. bxc3 Rfc8 18. Bg5 f6 19. Bd2 Ne5 20. Rb3 Nc4 21.
Bf4 e5 22. Be3 Nxe3 23. fxe3 Kg7 24. Kf2 c4 25. Rb4 Rb6 26. Rd1 Rcb8 27. a3 a5
28. Rbb1 Rxb1 29. Rxd6 R1b2 30. Rd7+ Kh6 31. Rd2 R8b3 0-1

[Event "AUTO-ADV-1362"]
[Site "http://www.queenalice.com/game.php?id=649858"]
[Date "2009.9.9"]
[Round "2"]
[White "nenem"]
[Black "zad2"]
[Result "1-0"]
[WhiteElo "1785"]
[BlackElo "1681"]

1. c4 e6 2. Nc3 Nf6 3. g3 b6 4. Bg2 Nc6 5. d4 Bb4 6. Bg5 O-O 7. Nh3 Rb8 8. O-O
Bb7 9. Nb5 a6 10. d5 exd5 11. Nd4 Nxd4 12. Qxd4 Bc5 13. Qh4 c6 14. Nf4 Be7 15.
cxd5 cxd5 16. Rad1 Re8 17. Nh3 Rc8 18. Nf4 Ne4 19. Bxe7 Qxe7 20. Nxd5 Bxd5 21.
Rxd5 Qxh4 22. gxh4 Nf6 23. Rd6 Rxe2 24. Bb7 Rc7 25. Rxb6 a5 26. Bf3 Re7 27. Rd1
g6 28. Rxf6 Kg7 29. Ra6 Rc2 30. Rxa5 Rxb2 31. a4 Rb3 32. Bd5 Rh3 33. Ra7 Rxh4
34. Bc6 Rg4+ 35. Kf1 Kh6 36. Rdxd7 Re6 37. Bd5 Rb6 38. Rxf7 Rb1+ 39. Ke2 Rb2+
40. Kf3 Rd4 41. Rxh7+ Kg5 42. Ra5 Kf6 43. Rf7+ Kg5 44. Be4+ Kh6 45. Ra6 Rb3+ 46.
Kg2 Rxe4 47. a5 Rg4+ 48. Kf1 Ra3 49. Raa7 Rga4 50. a6 Rxa6 51. Rae7 R6a5 52. h4
Rb3 53. Rh7# 1-0

[Event "AUTO-OPEN-1551"]
[Site "http://www.queenalice.com/game.php?id=657045"]
[Date "2009.9.23"]
[Round "2"]
[White "fernandocomparsi"]
[Black "zad2"]
[Result "1-0"]
[WhiteElo "1894"]
[BlackElo "1731"]

1. e4 e5 2. Nf3 Nc6 3. Bb5 d6 4. d4 Bg4 5. d5 a6 6. Bxc6+ bxc6 7. dxc6 Nf6 8.
Bg5 Be7 9. Nbd2 Bxf3 10. Qxf3 O-O 11. O-O Rb8 12. Nc4 h6 13. Bxf6 Bxf6 14. b3
Qe8 15. Ne3 Qxc6 16. c4 Qd7 17. Nd5 Bd8 18. Qg3 c6 19. Ne3 Bg5 20. Nf5 Qe6 21.
h4 Bf4 22. Qxg7# 1-0

[Event "AUTO-OPEN-1551"]
[Site "http://www.queenalice.com/game.php?id=657046"]
[Date "2009.9.23"]
[Round "2"]
[White "zad2"]
[Black "fernandocomparsi"]
[Result "0-1"]
[WhiteElo "1760"]
[BlackElo "1841"]

1. e4 e5 2. Nf3 Nc6 3. Bb5 a6 4. Ba4 b5 5. Bb3 Be7 6. O-O Nf6 7. c3 O-O 8. Re1
d5 9. d3 dxe4 10. dxe4 Bg4 11. Bg5 Qxd1 12. Rxd1 Nxe4 13. Bxe7 Nxe7 14. Rd7 Bxd7
0-1

[Event "AUTO-OPEN-1551"]
[Site "http://www.queenalice.com/game.php?id=657049"]
[Date "2009.9.23"]
[Round "2"]
[White "drd123"]
[Black "zad2"]
[Result "1-0"]
[WhiteElo "2042"]
[BlackElo "1752"]

1. c4 Nf6 2. Nc3 e6 3. g3 b6 4. Bg2 Nc6 5. d3 Bb4 6. Bd2 O-O 7. Nf3 Rb8 8. O-O
Bb7 9. a3 Be7 10. b4 d6 11. Re1 e5 12. Bg5 Ng4 13. Bxe7 Nxe7 14. h3 Nf6 15. a4
Nf5 16. a5 Qd7 17. axb6 axb6 18. Ra7 Bc8 19. Nb5 Bb7 20. g4 Bxf3 21. Bxf3 Nh4
22. Rxc7 Nxf3+ 23. exf3 Qd8 24. Rc6 Ne8 25. Nc3 Qd7 26. b5 Nc7 27. Ne4 d5 28.
Ng3 Rfe8 29. Nf5 dxc4 30. dxc4 Qxd1 31. Rxd1 Ne6 32. Rdd6 Ng5 33. Kg2 Ne6 34.
Rxb6 Rxb6 35. Rxb6 Nd4 36. Nxd4 exd4 37. Rd6 1-0

[Event "AUTO-OPEN-1551"]
[Site "http://www.queenalice.com/game.php?id=657050"]
[Date "2009.9.23"]
[Round "2"]
[White "zad2"]
[Black "drd123"]
[Result "1/2-1/2"]
[WhiteElo "1722"]
[BlackElo "2043"]

1. e4 e5 2. Nf3 Nc6 3. Bb5 a6 4. Ba4 Nf6 5. Nc3 b5 6. Bb3 Be7 7. O-O O-O 8. d4
exd4 9. Nxd4 Bb7 10. Re1 b4 11. Nd5 Nxd4 12. Qxd4 a5 13. c3 Nxd5 14. Bxd5 c5 15.
Qd3 Ba6 16. Qg3 Rb8 17. cxb4 axb4 18. b3 Bf6 19. e5 Be7 20. Bb2 g6 21. Qh3 d6
22. e6 f6 23. Qh6 Bb7 24. Bc4 d5 25. Bb5 Bc8 26. Bd3 Qe8 27. Rac1 Rb6 28. Qh3 f5
29. Qh6 Bf6 30. Bxf6 Rxf6 31. e7 Rbe6 32. Rxe6 Rxe6 33. Rxc5 Re1+ 34. Bf1 Ba6
35. Rc1 Qxe7 36. Qd2 Rxc1 37. Qxc1 Bxf1 38. Kxf1 Qe4 39. Qd2 Kg7 40. f3 Qb1+ 41.
Kf2 h5 42. Qxd5 Qxa2+ 43. Kg3 Qa7 44. Qe5+ Kf7 45. Qd5+ Kg7 46. Qe5+ Kf7 47.
Qd5+ Kg7 1/2-1/2

[Event "AUTO-ADV-1524"]
[Site "http://www.queenalice.com/game.php?id=675217"]
[Date "2009.10.30"]
[Round "1"]
[White "zad2"]
[Black "robinud"]
[Result "0-1"]
[WhiteElo "1672"]
[BlackElo "1716"]

1. e4 e5 2. Nf3 Nc6 3. Bb5 Nge7 4. O-O a6 5. Ba4 b5 6. Bb3 Ng6 7. Re1 Bc5 8. c3
d6 9. d4 exd4 10. cxd4 Ba7 11. Nc3 O-O 12. Ng5 Bxd4 13. Qh5 h6 14. Nf3 Qf6 15.
Nd5 Qd8 16. Bxh6 Bxb2 17. Rab1 Bf6 18. Nxf6+ Qxf6 19. Bg5 Qc3 20. Nh4 Nxh4 21.
Bxh4 Bb7 22. Qg4 Ne5 23. Qe2 c6 24. Be7 Rfe8 25. Bxd6 c5 26. Bxe5 Qxe5 27. Bc2
Rad8 28. h3 Rd4 29. f3 f5 30. Rbd1 fxe4 31. Rxd4 Qxd4+ 32. Kh1 e3 33. Bg6 Re7
34. Bf5 Qd2 35. Bb1 Qxe2 36. Rxe2 a5 37. Bd3 c4 38. Bb1 b4 39. Kg1 b3 40. axb3
cxb3 41. Kf1 Ba6 0-1

[Event "AUTO-ADV-1524"]
[Site "http://www.queenalice.com/game.php?id=675218"]
[Date "2009.10.30"]
[Round "1"]
[White "robinud"]
[Black "zad2"]
[Result "1-0"]
[WhiteElo "1825"]
[BlackElo "1658"]

1. e4 e5 2. Nf3 Nc6 3. Bc4 Be7 4. c3 Nf6 5. Bxf7+ Kxf7 6. Qb3+ Kf8 7. d3 d6 8.
Bg5 Qe8 9. Nbd2 b6 10. O-O Qf7 11. c4 Nd4 12. Nxd4 exd4 13. Nf3 c5 14. e5 dxe5
15. Nxe5 Qh5 16. Bf4 Bd6 17. Nd7+ Bxd7 18. Bxd6+ Kf7 19. Rae1 Rhe8 20. a4 Bc6
21. f3 Qh6 22. Qa3 Qg6 23. b4 cxb4 24. Qxb4 Qxd3 25. Rd1 Qe3+ 26. Kh1 d3 27. Qc3
Re6 28. Rxd3 Qe2 29. Rdd1 Bxa4 30. Rde1 Qc2 31. Qxc2 Bxc2 32. Rxe6 Kxe6 33. Ba3
Rd8 34. Re1+ Kf5 35. g4+ Kg6 36. h4 Rd1 37. Rxd1 Bxd1 38. Kg2 Be2 39. c5 bxc5
40. Bxc5 a5 41. h5+ Kf7 42. Kf2 Bd1 43. Kg3 a4 44. Kf4 Nd5+ 45. Kg3 1-0

[Event "AUTO-ADV-1524"]
[Site "http://www.queenalice.com/game.php?id=675219"]
[Date "2009.10.30"]
[Round "1"]
[White "zad2"]
[Black "FabianoSales"]
[Result "0-1"]
[WhiteElo "1707"]
[BlackElo "1832"]

1. e4 e5 2. Nf3 Nc6 3. Bb5 Nge7 4. O-O a6 5. Ba4 b5 6. Bb3 Bb7 7. Re1 h6 8. c3
Ng6 9. d4 Bd6 10. Be3 O-O 11. Qd2 Na5 12. Bc2 Nc4 13. Qc1 Qf6 14. b3 Nxe3 15.
fxe3 Rae8 16. Nbd2 c5 17. dxc5 Bxc5 18. b4 Bb6 19. a3 Qf4 20. Nf1 Bxe4 21. Bxe4
Qxe4 22. Ng3 Qg4 23. Qd2 Rd8 24. Rad1 f6 25. Qd5+ Kh8 26. Qd6 Qe6 27. Qxe6 dxe6
28. Kf2 f5 29. Ne2 e4 30. Nfd4 Ne5 31. Rd2 Ng4+ 32. Kg3 e5 33. Ne6 Rxd2 34. Nxf8
Rd3 35. Ne6 Nxe3 36. Rc1 Ng4+ 37. Kh4 Nxh2 38. Nf8 Be3 39. Rh1 Bf2+ 40. Kh5 Ng4
41. Kg6 Kg8 42. Ne6 Rd6 43. Kxf5 Nf6 44. Kxe5 Rd5+ 45. Kf4 g5+ 0-1

[Event "AUTO-ADV-1524"]
[Site "http://www.queenalice.com/game.php?id=675220"]
[Date "2009.10.30"]
[Round "1"]
[White "FabianoSales"]
[Black "zad2"]
[Result "1-0"]
[WhiteElo "1843"]
[BlackElo "1649"]

1. d4 Nf6 2. Bg5 e6 3. e4 Be7 4. e5 Nd5 5. Bxe7 Nxe7 6. Nf3 Nbc6 7. Bb5 O-O 8.
O-O a6 9. Ba4 b5 10. Bb3 Bb7 11. c3 Ng6 12. Nbd2 Na5 13. Bc2 d6 14. h3 dxe5 15.
Bxg6 fxg6 16. Nxe5 Qg5 17. Ndf3 Bxf3 18. Nxf3 Qe7 19. Ne5 Rac8 20. b4 Nb7 21.
Re1 Nd6 22. d5 exd5 23. Nxg6 Qf6 24. Nxf8 Rxf8 25. Qxd5+ Kh8 26. Re3 Qxf2+ 27.
Kh1 Qxe3 28. Qc6 Qb6 29. Qd7 Nf5 30. Kh2 Qd6+ 31. Qxd6 Nxd6 32. a4 Nc4 33. axb5
axb5 34. Rd1 h6 35. Rd7 Rc8 36. g4 Kh7 37. Kg3 Kg6 38. Rd5 c6 39. Rf5 Ne3 40.
Rf3 Nd5 41. h4 h5 42. gxh5+ Kxh5 43. Rf5+ Kg6 44. Rf3 Kh7 45. Kg4 Rc7 46. h5
Nf6+ 47. Kg5 Ne4+ 48. Kg4 Kh6 49. Rf8 Nf6+ 50. Kh4 c5 51. Rb8 cxb4 52. cxb4 Rc4+
53. Kh3 Rxb4 54. Rb6 Kxh5 55. Rb7 Kg6 56. Kg3 Nd5 57. Rb8 Nc3 58. Kf3 Rb1 59.
Ke3 b4 60. Kd3 Na2 61. Kc2 Nc3 62. Rb6+ Kf5 63. Rc6 g5 64. Rc5+ Kf4 65. Rc4+ 1-0

[Event "AUTO-ADV-1524"]
[Site "http://www.queenalice.com/game.php?id=675221"]
[Date "2009.10.30"]
[Round "1"]
[White "zad2"]
[Black "mardlucca"]
[Result "0-1"]
[WhiteElo "1716"]
[BlackElo "1902"]

1. e4 e6 2. Nf3 d5 3. Bb5+ c6 4. Ba4 Nf6 5. exd5 b5 6. Bb3 cxd5 7. c3 Bd6 8. O-O
Qc7 9. g3 Nc6 10. d4 O-O 11. Bg5 Ne4 12. Bc2 h6 13. Bd2 Nxd2 14. Nbxd2 e5 15.
dxe5 Nxe5 16. Nxe5 Bxe5 17. Nf3 Bb7 18. Nd4 a6 19. Qd3 g6 20. Nf5 Bg7 21. Nxg7
Kxg7 22. Rae1 Rae8 23. Qd4+ f6 24. Qd3 Qf7 25. b4 Bc8 26. Rxe8 Rxe8 27. Rd1 Bf5
28. Qd2 Bxc2 29. Qxc2 Re6 30. Qd3 Qd7 31. Qxd5 Re1+ 0-1

[Event "AUTO-ADV-1524"]
[Site "http://www.queenalice.com/game.php?id=675222"]
[Date "2009.10.30"]
[Round "1"]
[White "mardlucca"]
[Black "zad2"]
[Result "1-0"]
[WhiteElo "1845"]
[BlackElo "1681"]

1. e4 e5 2. Nf3 Nc6 3. Bb5 d6 4. d4 Bd7 5. c4 Be7 6. O-O Nxd4 7. Bxd7+ Qxd7 8.
Nxd4 exd4 9. Qxd4 Nf6 10. Nc3 O-O 11. Bf4 c5 12. Qd3 a6 13. Rad1 Rad8 14. Qg3
Nh5 15. Qf3 Nxf4 16. Qxf4 Bf6 17. Rd3 Be5 18. Qd2 Qg4 19. f3 Qh5 20. f4 Bd4+ 21.
Kh1 Rde8 22. Rh3 Qg6 23. Rff3 Bxc3 24. Qxc3 Qxe4 25. Rf1 Qe2 26. Qd3 Qxd3 27.
Rxd3 Re2 28. b3 Rd8 29. Rfd1 Re6 30. Kg1 g6 31. Kf2 Kg7 32. Rd5 f5 33. Rxc5 dxc5
34. Rxd8 Re7 35. Rc8 b6 36. Rc6 Rb7 37. Kf3 Kf7 38. Rd6 Ke7 39. Rd5 Kf6 40. h3
g5 41. fxg5+ Kxg5 42. g4 Rf7 43. h4+ Kg6 44. Rd6+ Kg7 45. g5 Kg8 46. Rxb6 Kg7
47. Rxa6 1-0

[Event "AUTO-INT-1347"]
[Site "http://www.queenalice.com/game.php?id=677856"]
[Date "2009.11.4"]
[Round "2"]
[White "chess2009"]
[Black "zad2"]
[Result "1-0"]
[WhiteElo "1590"]
[BlackElo "1696"]

1. e4 e5 2. Qh5 Nf6 3. Qxe5+ Qe7 4. Qxe7+ Bxe7 5. f3 O-O 6. e5 Nd5 7. d3 Nc6 8.
c3 Nxe5 9. d4 Ng6 10. Bd2 d6 11. g3 Bf5 12. g4 Bc2 13. Na3 Ba4 14. b3 Bd7 15. c4
Ndf4 16. Bxf4 Nxf4 17. O-O-O Bg5 18. Kb1 a6 19. Ne2 Ne6 20. Bg2 Nf4 21. Nxf4
Bxf4 22. Nc2 Rfe8 23. c5 Re2 24. Bf1 Re7 25. Nb4 c6 26. d5 dxc5 27. Nd3 Bh6 28.
Nxc5 Bc8 29. dxc6 bxc6 30. Rd8+ 1-0

[Event "AUTO-INT-1347"]
[Site "http://www.queenalice.com/game.php?id=677857"]
[Date "2009.11.4"]
[Round "2"]
[White "zad2"]
[Black "chess2009"]
[Result "1-0"]
[WhiteElo "1676"]
[BlackElo "1397"]

1. e4 e5 2. Nf3 Nc6 3. Bb5 a6 4. Ba4 f6 5. O-O b5 6. Bb3 Na5 7. c3 Nxb3 8. Qxb3
Bb7 9. d3 Ne7 10. Be3 g5 11. Nbd2 g4 12. Nh4 Bg7 13. Nf5 Nxf5 14. exf5 d6 15.
Qe6+ Qe7 16. Qxe7+ Kxe7 17. Nb3 a5 18. Rfe1 a4 19. Nd2 d5 20. Bc5+ Kd8 21. f3
Ba6 22. b3 Bf8 23. Bxf8 Rxf8 24. fxg4 Rg8 25. h3 Re8 26. d4 exd4 27. cxd4 Rxe1+
28. Rxe1 Kd7 29. Re6 Bb7 30. Rxf6 Re8 31. Kf2 Ke7 32. Rh6 1-0

[Event "BlackRose Dragon"]
[Site "http://www.queenalice.com/game.php?id=678461"]
[Date "2009.11.5"]
[Round "1"]
[White "PROFALEXANDRE"]
[Black "zad2"]
[Result "1-0"]
[WhiteElo "1655"]
[BlackElo "1641"]

1. e4 e5 2. Nf3 Nc6 3. Bb5 d6 4. Bxc6+ bxc6 5. d4 Bg4 6. h3 Bh5 7. g4 Bg6 8. Qe2
exd4 9. Ng5 Be7 10. Nf3 c5 11. e5 dxe5 12. Nxe5 Nf6 13. Nc6 Qd7 14. Ne5 Qe6 15.
Bg5 O-O 16. Nd2 Bxc2 17. Ndc4 d3 18. Qd2 Ne4 19. Qe3 Nxg5 20. O-O f6 21. Rfe1
fxe5 22. Nxe5 Nf7 23. f4 Nxe5 24. fxe5 Rab8 25. b3 Rbd8 26. Rf1 d2 27. Qe2 d1=Q
28. Raxd1 Bxd1 29. Rxd1 Rxd1+ 30. Qxd1 Qxe5 31. b4 cxb4 32. Qb3+ Kh8 33. Qc4
Bc5+ 34. Kg2 Qb2+ 35. Kg3 Qc3+ 36. Qxc3 bxc3 37. a4 c2 38. a5 c1=Q 39. Kh4 Bf2+
40. Kh5 1-0